[Event "WSTCC-50 2020"]
[Site "Prague"]
[Date "2020.03.08"]
[Round "3.42"]
[White "Jeske, Eckhard"]
[Black "Baerthel, Klaus"]
[Result "1/2-1/2"]
[WhiteElo "2158"]
[BlackElo "1875"]
[Annotator "TA"]
[PlyCount "85"]
[EventDate "2020.03.06"]
[EventType "team-tourn"]
[EventCountry "CZE"]
[SourceTitle "playchess.com"]
[Source "ChessBase"]
[SourceQuality "1"]

{[%evp 17,85,25,38,11,14,22,19,5,16,24,60,45,64,0,36,28,38,37,56,45,66,33,91,25,67,35,66,65,96,92,80,81,111,27,60,0,4,-40,-31,-79,-87,-89,-83,-79,-72,-68,-71,-81,-48,-61,-56,-143,-125,-135,-129,-151,-137,-144,-64,-167,-142,-197,-111,-122,-96,-143,-116,-119,0,-126]} 1. c4 Nf6 2. Nc3 c5 3. g3 Nc6 4. Bg2 g6 5. e3 Bg7 6. Nge2 O-O 7. d4 cxd4 8. Nxd4 Rb8 9. O-O a6 10. Qe2 {A39: Symmetrical English vs ...g6: 4 Bg2 Bg7 5 Nf3 Nf6 6 0-0 0-0 7 d4.} Qc7 {[#]} 11. Bd2 $146 ({Predecessor:} 11. Rd1 d6 12. b3 Rd8 13. Bb2 Nxd4 14. exd4 h5 15. Re1 Re8 16. h3 b6 17. Rac1 Bb7 {0-1 (48) Ocokoljic,Z (2016)-Kovacic,M (2150) Belgrade 2013}) 11... d6 12. h3 Bd7 13. Rac1 Qd8 14. Rfe1 e5 15. Nc2 (15. Nxc6 $14 bxc6 16. b3) 15... Be6 (15... e4 $5) 16. e4 Qd7 17. Kh2 Rfc8 18. b3 Ne8 19. Be3 f5 (19... Nd4 $14 20. Qd2 b5) 20. Red1 (20. Qd2 $16) 20... Qf7 21. Nd5 Kh8 22. Qd2 Bxd5 23. cxd5 Ne7 24. f3 Nf6 25. a4 (25. Na3 $16) 25... Nh5 $1 $11 26. Bf2 ({Better is} 26. Na3 $14) 26... Qf8 27. Be3 Nxg3 {[%mdl 64] [#] Remove Defender, Decoy} 28. Kxg3 {Strongly threatening Kh2.} f4+ {[%mdl 64] Double Attack} 29. Kf2 {aiming for Bb6.} fxe3+ 30. Nxe3 Rxc1 31. Rxc1 Bh6 32. Qe2 Rc8 33. Rxc8 Qxc8 34. Nc4 (34. Qc4 $15) 34... b5 35. axb5 axb5 36. Nb2 Qc5+ 37. Kf1 Qc1+ ({Black should try} 37... Qc3 $17 38. Kf2 Qxb3) 38. Nd1 (38. Kf2 $1 $15) 38... Bf4 39. Qd3 (39. Kg1 $17) 39... Qc5 (39... Ng8 $19 40. Ke2 b4) 40. Qc3 $17 {Qxc5 would now be nice for White.} Qb6 41. Nf2 Bg3 {[%csl Gg3][%cal Rb6f2] [#]} 42. Nd1 Bf4 43. Nf2 $1 {Accuracy: White = 48%, Black = 58%.} 1/2-1/2

[Event "WSTCC-50 2020"]
[Site "Prague"]
[Date "2020.03.08"]
[Round "3.43"]
[White "Wendling, Jens"]
[Black "Jansen, Andreas"]
[Result "0-1"]
[WhiteElo "1908"]
[BlackElo "2206"]
[Annotator "TA"]
[PlyCount "84"]
[EventDate "2020.03.06"]
[EventType "team-tourn"]
[EventCountry "CZE"]
[SourceTitle "playchess.com"]
[Source "ChessBase"]
[SourceQuality "1"]

{[%evp 9,84,39,44,44,64,51,47,46,59,-15,-6,-23,-14,-77,-66,-56,-23,-25,-33,-137,-116,-198,-189,-232,-228,-256,-173,-206,-185,-197,-171,-170,-156,-245,-212,-186,-150,-268,-259,-263,-197,-328,-339,-438,-167,-206,-191,-184,-173,-216,-217,-220,-186,-236,-240,-248,-248,-248,-248,-248,-248,-248,-246,-248,-248,-303,-291,-344,-320,-353,-279,-462,-445,-731,-735,-1120,-946]} 1. e4 g6 2. d4 d6 3. c3 Bg7 4. h3 c6 5. Nf3 Nf6 6. Bd3 {B06: Modern Defence.} Qc7 7. O-O e5 8. Be3 {White is slightly better.} Nbd7 9. Na3 ({Better is} 9. Nbd2 $14) 9... O-O $11 {[#]} 10. Qd2 $146 ({Predecessor:} 10. dxe5 Nxe5 11. Nxe5 dxe5 12. Qe2 Be6 13. Bc5 Rfe8 14. f3 b6 15. Be3 Nh5 16. Kh2 {1-0 (47) Nagy,L (1716)-Schwaninger,U (2008) Hartberg 2004}) 10... d5 11. Qc2 (11. Nxe5 $1 $11 Nxe5 12. dxe5 Nxe4 13. Bxe4 dxe4 14. Bc5) 11... dxe4 12. Bxe4 Nxe4 13. Qxe4 f5 $36 {[%mdl 2048] White is under pressure.} 14. Qc2 {[#] Black continues to play with concentration.} ({White must play} 14. Qh4 $15) 14... e4 $1 $17 {[%cal Re4f3]} 15. Ng5 {[#]} (15. Nh2 $17) 15... Nf6 $1 $19 {[%cal Bd7f6,Bf6d5,Bd5e3][%mdl 32]} 16. Qb3+ Nd5 17. h4 Kh8 {And now ...h6 would win.} 18. c4 Nxe3 19. fxe3 Qg3 20. c5 {Nf7+ would now be nice for White.} Bf6 (20... Qxh4 21. Nf7+ Rxf7 22. Qxf7 $14) 21. Nf7+ (21. Rac1 $17) 21... Kg7 22. Nd6 Rb8 ({Much less strong is} 22... Qxh4 23. Nac4 $15) 23. Nxc8 (23. h5 $17) 23... Rfxc8 ({But not} 23... Rbxc8 24. Rad1 $17) 24. Nc4 Rf8 ({Weaker is} 24... Qxh4 25. Nd6 $14) 25. Nd6 (25. Nd2 {is a better defense.}) 25... Bxh4 26. Rae1 {White hopes to continue with Qe6.} Be7 $2 (26... Qg5 27. Qc3 Bg3) 27. Nc4 Qc7 28. Re2 b5 29. Nd2 a5 {[%cal Ba7a5,Ba5a4][%mdl 32]} 30. Qc2 Bg5 31. Rb1 a4 32. Nf1 Qf7 33. Ra1 Bf6 34. g3 h5 35. Rh2 Rh8 36. b3 Ra8 37. b4 h4 38. Rg2 Rad8 39. Rd1 Qd5 40. Qd2 $2 (40. Qf2 {was worth a try.}) 40... Kf7 {Black is clearly winning.} 41. Nh2 (41. g4 $142 f4 42. Kh1) 41... hxg3 42. Qe1 gxh2+ {Accuracy: White = 39%, Black = 78%.} 0-1

[Event "WSTCC-50 2020"]
[Site "Prague"]
[Date "2020.03.08"]
[Round "3.44"]
[White "Van Bentum, Horst"]
[Black "Hauke, Hans"]
[Result "1/2-1/2"]
[WhiteElo "2036"]
[BlackElo "1688"]
[Annotator "TA"]
[PlyCount "54"]
[EventDate "2020.03.06"]
[EventType "team-tourn"]
[EventCountry "CZE"]
[SourceTitle "playchess.com"]
[Source "ChessBase"]
[SourceQuality "1"]

{[%evp 10,54,0,0,40,9,27,20,56,35,54,37,32,18,39,13,23,12,41,39,53,43,46,33,40,49,64,62,67,60,54,38,47,37,43,39,93,39,43,41,41,45,37,37,42,0,0]} 1. e4 d5 2. exd5 Nf6 3. Nc3 Nxd5 4. Bc4 e6 5. Qf3 c6 6. Nge2 Bd6 {B02: Alekhine's Defence: Chase Variation and lines with early Nc3.} 7. d4 Nd7 8. Ne4 N7f6 9. Nxd6+ Qxd6 10. O-O O-O 11. c3 Re8 {[#]} 12. Ng3 $146 ({Predecessor:} 12. Bf4 Nxf4 13. Nxf4 e5 14. Nh5 e4 15. Nxf6+ Qxf6 16. Qxf6 gxf6 17. f3 Be6 18. Bxe6 Rxe6 19. fxe4 Rxe4 20. Rxf6 {1-0 (61) Wilms,I (2171)-Schulz Streeck,S Germany 2006}) 12... e5 13. Bxd5 Qxd5 14. Qxd5 Nxd5 15. Re1 f6 {[#]} 16. f4 $1 {[%mdl 512]} e4 (16... Nxf4 17. Bxf4) 17. Rxe4 Bd7 18. Bd2 f5 19. Rxe8+ Rxe8 20. Kf2 Kf7 21. Re1 (21. a4 {looks sharper.} Nf6 22. b3 Ng4+ 23. Kg1 Nf6 24. Kf1) 21... Rxe1 22. Kxe1 $14 {[%mdl 4096] Endgame KBN-KBN} Be6 ({Better is} 22... b5 $14) 23. Ne2 (23. c4 $16 Nf6 24. b3) 23... Nf6 24. Nc1 Bd5 25. g3 Ng4 26. h3 Nf6 27. b3 Bg2 {Accuracy: White = 89%, Black = 72%.} 1/2-1/2

[Event "WSTCC-50 2020"]
[Site "Prague"]
[Date "2020.03.08"]
[Round "3.45"]
[White "Kubikova, Hana"]
[Black "Feierfeil, Jiri"]
[Result "1-0"]
[WhiteElo "2064"]
[BlackElo "1721"]
[Annotator "TA"]
[PlyCount "85"]
[EventDate "2020.03.06"]
[EventType "team-tourn"]
[EventCountry "CZE"]
[SourceTitle "playchess.com"]
[Source "ChessBase"]
[SourceQuality "1"]

{[%evp 9,85,62,54,56,50,54,58,36,45,50,48,44,52,47,51,51,66,66,127,85,77,39,50,18,26,27,73,73,80,78,87,83,79,80,90,85,118,118,118,118,332,339,325,324,239,220,421,406,297,516,539,525,533,190,336,327,634,635,664,457,443,412,396,387,1136,916,5216,5218,4134,1754,29984,29985,29985,29986,29989,29989,29988,29988]} 1. d4 d5 2. Nf3 Nf6 3. c4 c6 4. Nc3 b6 5. cxd5 cxd5 6. Bf4 {D15: Slav Defence: 4 Nc3 a6 and gambit lines after 4 Nc3 dxc4.} a6 7. e3 e6 8. Bd3 {[#] White is slightly better.} Be7 $146 ({Predecessor:} 8... Bb7 9. O-O Ne4 10. Bxe4 dxe4 11. Ng5 Bd6 12. Ngxe4 Bxf4 13. exf4 O-O 14. Qd2 Bd5 {1-0 (33) Limberg,M (2028)-Wolff,M (1697) Germany 2008}) 9. Ne5 O-O 10. Rc1 Nfd7 11. O-O Nxe5 12. Bxe5 Bd6 13. f4 f5 ({Black should play} 13... f6 $14) 14. Qb3 Bb7 15. Bxd6 Qxd6 16. Na4 Nd7 17. Rc3 b5 18. Nc5 $36 {[%mdl 2048] White has strong initiative.} Nxc5 19. Rxc5 Rfc8 20. Rfc1 Rxc5 21. Rxc5 Rc8 22. Qc3 Rxc5 23. dxc5 Qc6 {[#] aiming for ...d4!} 24. Bf1 a5 $2 {Loses the game.} (24... Kf7 $16) 25. Qxa5 $18 Qxc5 26. Qd8+ ({Don't take} 26. Qxb5 Qxb5 27. Bxb5 Kf7 $18) 26... Kf7 27. Qd7+ {[%mdl 64] [#] Double Attack} Kf6 $2 (27... Qe7 28. Qxe7+ (28. Qxb5 Qc7 $16) (28. Bxb5 Qxd7 29. Bxd7 Ba6 $16) 28... Kxe7) 28. Qxb7 Qxe3+ 29. Kh1 Qxf4 {[%cal Rf4f1]} 30. Qxb5 d4 31. h3 $2 (31. a4) 31... g5 (31... e5 $142 32. a4 e4) 32. Qd3 Kg6 $2 (32... Qd6 33. a4 Qc5) 33. b4 h5 34. Kg1 g4 35. g3 Qd6 36. a3 e5 $2 (36... gxh3 37. Bxh3 Kf7) 37. hxg4 hxg4 38. Qa6 Qxa6 39. Bxa6 e4 40. b5 {[%cal Bb4b5,Bb5b6,Bb6b7][%mdl 32] White mates.} Kg5 41. b6 f4 42. gxf4+ Kxf4 43. b7 {Accuracy: White = 76%, Black = 43%.} 1-0

[Event "WSTCC-50 2020"]
[Site "Prague"]
[Date "2020.03.08"]
[Round "3.46"]
[White "Kleprlik, Jan"]
[Black "Svobodova, Michaela"]
[Result "0-1"]
[WhiteElo "1545"]
[BlackElo "1988"]
[Annotator "TA"]
[PlyCount "96"]
[EventDate "2020.03.06"]
[EventType "team-tourn"]
[EventCountry "CZE"]
[SourceTitle "playchess.com"]
[Source "ChessBase"]
[SourceQuality "1"]

{[%evp 9,96,0,-3,-11,-10,-10,-10,-14,-8,-50,-5,-54,-6,-60,-17,-95,-51,-99,-60,-125,-43,-118,-116,-147,-100,-93,-85,-83,-86,-155,-154,-166,-157,-220,-213,-264,-270,-261,-263,-246,-163,-158,-128,-147,-130,-137,-138,-175,-130,-201,-219,-338,-335,-320,-347,-373,-370,-623,-623,-518,-546,-554,-338,-367,-362,-29988,-1142,-29987,-771,-1224,-497,-587,-342,-781,-777,-1254,-803,-707,-691,-2118,-2082,-6696,-852,-6504,-2048,-6839,-6474,-29998,29999]} 1. d4 d5 2. Nf3 Nf6 3. g3 Bf5 4. Bg2 h6 5. c3 e6 6. b3 {[#] D02: 1 d4 d5 2 Nf3 sidelines, including 2...Nf6 3 g3 and 2...Nf6 3 Bf4.} c5 $146 ({Predecessor:} 6... Bd6 7. Bb2 O-O 8. O-O Nbd7 9. Nbd2 Rc8 10. b4 c6 11. a3 a6 12. Nb3 b6 {0-1 (49) Muric,T (1922)-Milosevic,D (1674) Podgorica 2018}) 7. Bb2 Nc6 8. O-O {The position is equal.} Be7 9. Nbd2 O-O 10. Rc1 Rc8 11. a3 (11. dxc5 $11 Bxc5 12. a3) 11... a5 12. a4 (12. dxc5 $11 {remains equal.} Bxc5 13. b4) 12... Qb6 13. Nb1 Ne4 14. Nbd2 (14. e3 $15) 14... Rfd8 ({Black should try} 14... cxd4 $17 15. Nxe4 dxe4 16. Nxd4 Rfd8) 15. e3 ({Better is} 15. Nxe4 $1 $15 Bxe4 16. Ba3) 15... cxd4 $17 16. exd4 e5 17. Nxe4 dxe4 18. Nd2 exd4 19. cxd4 (19. Nc4 $142 Qa7 20. Qe1) 19... Nxd4 20. Rxc8 Bxc8 ({Don't do} 20... Rxc8 21. Re1 $15) 21. Qe1 (21. Bxe4 $17 Be6 22. Nf3 Nxb3 23. Qc2) 21... f5 $19 ({Don't take} 21... Nxb3 22. Nxb3 Qxb3 23. Qxe4 $17) 22. Qe3 Be6 23. Bxd4 Qxd4 24. Nc4 Bxc4 25. bxc4 Qxc4 26. Qb6 Qd5 27. Rc1 Rd6 28. Qb1 Rd7 29. Rc8+ {[#]} (29. Bf1 $17 Kh7 30. Bc4) 29... Kh7 $1 30. Rc1 (30. Qb6 $142) 30... Bc5 31. Rf1 b6 32. Qc1 Qe5 33. Rd1 $2 (33. Qc2) 33... Rxd1+ 34. Qxd1 Qb2 {Threatens to win with ...b5.} 35. Qe1 Qc2 36. Bh3 g6 37. Qa1 $2 (37. Bf1 $19) 37... Qxf2+ 38. Kh1 Bd4 (38... e3 $142 39. Bf1 e2 40. Bxe2 Qxe2 41. h4 Bf2 42. Qg1 Bxg1 43. Kxg1 h5 44. Kh1 Qf2 45. g4 hxg4 46. h5 g3 47. hxg6+ Kh6 48. g7 Qh2#) 39. Qc1 Bg7 (39... e3 $142 {( -> ...e2)} 40. Bf1 e2 41. Bxe2 Qxe2 42. Qc7+ Bg7) 40. Qf1 Qc5 41. Qd1 $2 (41. g4) 41... b5 {aiming for ...bxa4.} 42. axb5 Qxb5 43. Bf1 Qb4 {Hoping for ...e3.} 44. Qc1 a4 {[%cal Ba5a4,Ba4a3,Ba3a2][%mdl 32]} 45. Bc4 a3 {Strongly threatening ...e3!} 46. Bf7 Qc3 47. Qf4 {[#]} a2 $1 48. Qb8 (48. Bxa2 Qa1+) 48... Qe5 $4 {[%mdl 40960] Accuracy: White = 26%, Black = 43%. . Loss on time!?} (48... Qf3+ {avoids the disaster.} 49. Kg1 Bd4#) 0-1

[Event "WSTCC-50 2020"]
[Site "Prague"]
[Date "2020.03.08"]
[Round "3.47"]
[White "Cejkova, Miroslava"]
[Black "Levinsky, Ladislav"]
[Result "1-0"]
[WhiteElo "1998"]
[BlackElo "1477"]
[Annotator "TA"]
[PlyCount "71"]
[EventDate "2020.03.06"]
[EventType "team-tourn"]
[EventCountry "CZE"]
[SourceTitle "playchess.com"]
[Source "ChessBase"]
[SourceQuality "1"]

{[%evp 10,71,104,44,69,24,36,14,28,16,103,93,164,45,64,54,79,66,95,30,121,116,108,25,60,77,149,143,187,185,188,171,197,197,224,226,243,243,255,241,237,238,279,279,334,325,368,366,364,304,408,418,408,407,447,446,456,468,481,437,480,474,1348,1307]} 1. e4 c6 2. d4 g6 3. Nc3 Bg7 4. Nf3 d6 5. Be2 b5 6. a3 (6. O-O $16) 6... Bb7 {B06: Modern Defence.} 7. O-O Nd7 8. Be3 a6 {The position is equal.} 9. Qd2 h5 {[#]} (9... Qc7 $11) 10. Ng5 $146 ({Predecessor:} 10. Rad1 Qc7 11. Ng5 Ngf6 12. h3 O-O 13. f4 Nh7 14. Nxh7 Kxh7 15. f5 c5 16. dxc5 Nxc5 17. fxg6+ fxg6 {½-½ (37) Cirjan,D (1981)-Diaz Begonte,M (1793) Benidorm 2009}) 10... Bh6 (10... c5 $16 {is a better defense.}) 11. Nh3 (11. f4 $18) 11... Bxe3 $14 12. Qxe3 e6 13. f4 Qb6 14. Qf2 (14. Ng5 $16) 14... O-O-O (14... c5 $11 {remains equal.}) 15. Ng5 $36 {[%mdl 2048] White is in control.} Nh6 16. Nd1 (16. e5 $16) 16... Rde8 17. e5 d5 {Black is now going downhill.} (17... c5 $142) 18. c3 f6 19. exf6 Nxf6 20. Bd3 Nf5 21. Nf7 Rh7 22. Bxf5 $1 gxf5 23. Nd6+ {[%mdl 64] [#] Double Attack} Kd7 24. Nxe8 Kxe8 25. Qh4 Qd8 26. Nf2 {[%cal Bd1f2,Bf2d3,Bd3e5][%mdl 32]} Rg7 27. Nd3 Rg4 28. Qh3 Qe7 29. Rae1 Bc8 30. Ne5 {[%mdl 64] [#] Double Attack} Rg8 31. Nxc6 Qg7 32. Re2 {White is clearly winning.} Kd7 33. Ne5+ Kd6 34. Rf3 Qh7 35. Qh4 Bd7 (35... Ng4 $142 36. Nd3 Qe7 37. Qxh5 Nf6) 36. Qxf6 {Accuracy: White = 68%, Black = 34%.} 1-0

[Event "WSTCC-50 2020"]
[Site "Prague"]
[Date "2020.03.08"]
[Round "3.48"]
[White "Tomanek, Karel"]
[Black "Taborska, Veronika"]
[Result "0-1"]
[WhiteElo "1379"]
[BlackElo "1995"]
[Annotator "TA"]
[PlyCount "68"]
[EventDate "2020.03.06"]
[EventType "team-tourn"]
[EventCountry "CZE"]
[SourceTitle "playchess.com"]
[Source "ChessBase"]
[SourceQuality "1"]

{[%evp 9,68,31,41,-14,8,-62,-41,-77,-73,-105,-93,-102,-97,-117,-117,-120,-127,-130,-127,-145,-72,-158,-133,-194,-184,-277,-249,-264,-249,-383,-391,-478,-467,-467,-463,-569,-452,-497,-372,-663,-657,-570,-546,-629,-503,-521,-516,-608,-587,-1144,-453,-1170,-496,-1408,-802,-1321,-1216,-12837,-12838,-12836,-5800]} 1. d4 d5 2. c4 e6 3. Nc3 c6 4. Nf3 dxc4 5. e3 b5 6. Bd2 {D31: Queen's Gambit Declined: Semi-Slav without ...Nf6 (+ Marshall Gambit and Noteboom) and Exchange Variation lines without ...Nf6.} (6. a4 $1 $14) 6... Bb7 7. Be2 ({White should try} 7. Ne4 $1 $11) 7... Nd7 8. O-O {Black is slightly better.} Ngf6 9. a4 a6 10. e4 Be7 11. h3 O-O 12. e5 Nd5 {[#]} 13. Nxd5 $146 ({Predecessor:} 13. Ne4 h6 14. Rb1 c5 15. Nxc5 Nxc5 16. dxc5 Bxc5 17. b3 c3 18. Bc1 b4 19. Qc2 {0-1 (32) Maier,W (1201)-Mainka,W (1650) Bad Soden Salmuenster 1999}) 13... cxd5 14. Qe1 f6 (14... Nb8 $142 15. axb5 axb5 16. Rxa8 Bxa8) 15. Bb4 ({White should play} 15. exf6 Bxf6 16. axb5) 15... fxe5 16. Bxe7 (16. dxe5 $17 Bxb4 17. Qxb4) 16... Qxe7 $19 17. Nxe5 (17. dxe5 $142 b4 18. Qd2) 17... Nxe5 18. dxe5 d4 19. axb5 (19. f4 $142) 19... axb5 20. f4 Rxa1 21. Qxa1 Qc5 {Hoping for ...d3+.} 22. Kh2 Bd5 23. Qc1 Qc6 24. Bf3 $2 (24. Qd2 Bxg2 25. Re1) 24... Bxf3 {Black is clearly winning.} 25. Rxf3 {[%mdl 4096] Endgame KQR-KQR} Qe4 26. Kg3 Rc8 27. Qd2 d3 28. Re3 Qd4 29. Kf3 {[#]} Ra8 (29... b4 $142 $1 {[%mdl 512]} 30. h4 (30. Qxb4 d2) 30... Qd5+ 31. Kf2 c3 32. bxc3 bxc3 33. Rxd3 cxd2 34. Rxd5 exd5) 30. Re4 (30. Re1 $142 Rf8 31. Re4) 30... Qc5 (30... Qd5 $142 31. Ke3 {[#]} g5 $1 {[%mdl 512]}) 31. Qc3 (31. Kg3 $142 b4 32. Re1) 31... Ra1 {Threatens to win with ...Rf1+.} 32. Rd4 b4 33. Qxc4 Qxc4 34. Rxc4 d2 {Accuracy: White = 17%, Black = 57%.} 0-1

[Event "WSTCC-50 2020"]
[Site "Prague"]
[Date "2020.03.09"]
[Round "4.1"]
[White "Arkell, Keith C"]
[Black "Shabalov, Alexander"]
[Result "0-1"]
[WhiteElo "2447"]
[BlackElo "2524"]
[Annotator "TA"]
[PlyCount "100"]
[EventDate "2020.03.06"]
[EventType "team-tourn"]
[EventCountry "CZE"]
[SourceTitle "playchess.com"]
[Source "ChessBase"]
[SourceQuality "1"]

{[%evp 16,100,27,0,2,0,2,7,8,0,12,0,0,-22,-24,-18,-20,-54,-59,-61,-55,-52,-35,-33,-40,-45,-35,-39,-41,-29,-22,-27,-21,-19,-16,-36,-29,-37,-37,-39,-37,-45,-45,-73,-70,-66,-66,-64,-64,-69,-50,-86,-91,-95,-91,-175,-175,-175,-157,-175,-175,-203,-198,-326,-264,-297,-258,-312,-290,-389,-324,-547,-529,-1155,-1672,-624,-620,-12838,-12836,-12845,-12845,-12845,-12846,-12848,-12848,-12849,-12849]} 1. Nf3 f5 2. d4 Nf6 3. g3 g6 4. c4 Bg7 5. Bg2 O-O 6. Nc3 d6 7. O-O c6 8. Re1 {Recently 8.b3 got a lot of attention.} Na6 9. e4 Nxe4 {A88: Dutch Defence: Leningrad System: 5 Nf3 0-0 6 0-0 d6 7 Nc3 c6.} 10. Nxe4 fxe4 11. Rxe4 Bf5 {The position is equal.} 12. Re1 e5 13. dxe5 dxe5 {Strongly threatening ...Qxd1.} 14. Qxd8 Raxd8 15. Bg5 Rde8 {[#]} 16. Be3 $146 ({Predecessor:} 16. Nd2 Nb4 17. Be4 h6 18. a3 Nd3 19. Bxd3 Bxd3 20. Be3 b6 21. b3 Rf7 22. Bd4 {½-½ (31) Defize,A-Lekander,R Teeside 1974}) 16... Nb4 {...Nc2 is the strong threat.} 17. Bc5 Nc2 $1 18. Bxf8 Rxf8 19. Rad1 e4 20. Ng5 Nxe1 21. Rxe1 Bxb2 22. Bxe4 Bc3 23. Rd1 Bg4 24. f3 Bc8 {aiming for ...h6.} 25. Kg2 Bf6 26. h4 Kg7 27. Bc2 Rd8 28. Rxd8 Bxd8 $15 {[%mdl 4096] Endgame KBB-KBN} 29. Ne4 b5 30. cxb5 cxb5 31. Bb3 Bb6 32. g4 Bb7 33. g5 Bc6 {Black converts the advantage convincingly.} 34. Nf6 a5 35. Bd5 (35. Nd5 $17 Bd4 36. Nf4) 35... Bxd5 $19 36. Nxd5 {KB-KN} Ba7 $1 37. Kh3 b4 $1 38. Kg4 {[#]} Bc5 $1 39. Nf4 (39. f4 {might work better.}) 39... Kf7 40. Nd3 {[#]} Bd6 $1 41. Nb2 Ke6 42. h5 Be5 43. Nc4 $2 (43. Nd3 {was the only chance.} gxh5+ 44. Kxh5) 43... a4 {[%cal Ba5a4,Ba4b3,Bb3b2][%mdl 32] Black is clearly winning.} 44. hxg6 hxg6 45. f4 Bd4 46. f5+ gxf5+ 47. Kf4 b3 48. axb3 axb3 49. g6 b2 50. Nd2 Kf6 {Accuracy: White = 58%, Black = 100%.} 0-1

[Event "WSTCC-50 2020"]
[Site "Prague"]
[Date "2020.03.09"]
[Round "4.2"]
[White "Benjamin, Joel"]
[Black "Hebden, Mark L"]
[Result "1/2-1/2"]
[WhiteElo "2508"]
[BlackElo "2444"]
[Annotator "TA"]
[PlyCount "68"]
[EventDate "2020.03.06"]
[EventType "team-tourn"]
[EventCountry "CZE"]
[SourceTitle "playchess.com"]
[Source "ChessBase"]
[SourceQuality "1"]

{[%evp 11,68,16,17,0,0,0,0,0,0,0,0,6,11,0,1,6,6,16,37,18,32,22,34,9,9,0,0,0,0,0,29,20,12,0,37,22,49,43,75,83,64,61,116,64,62,62,61,72,69,69,64,57,60,0,0,0,0,0,0]} 1. e4 e5 2. Nf3 Nc6 3. Bb5 a6 4. Ba4 Nf6 5. Nc3 b5 6. Bb3 Be7 7. a4 $1 {[%mdl 4] is currently scoring better than 7.d3. Played by Maxime Vachier Lagrave in January 2020. C77: Ruy Lopez: 3...a6 4 Ba4 Nf6, unusual lines.} b4 8. Nd5 O-O 9. Nxf6+ Bxf6 10. Bd5 Bb7 11. O-O {[#]} Rb8 $146 ({Predecessor:} 11... Na5 12. Bxb7 Nxb7 13. d4 d6 14. dxe5 dxe5 15. Qe2 Qd6 16. b3 Qc6 17. Bb2 Rfe8 {1-0 (40) Safarli,E (2524)-Bajarani,I (2345) Dubai 2008}) 12. c3 Na5 13. Bxb7 Rxb7 14. d4 d6 15. cxb4 {Black must now prevent dxe5.} Nc6 {[%cal Re5d4][%mdl 64] [#] Double Attack} 16. dxe5 dxe5 17. Bd2 Nxb4 18. Bc3 Qd6 19. Qe2 Qe6 20. Rfd1 Rfb8 21. Rd2 h6 22. h3 a5 23. Qe3 Qe7 24. Rad1 Nc6 25. Rd5 Qe6 26. R1d2 (26. Kh2 {is interesting.} Rb6 27. R1d2 Re8 28. g3 Rb3 29. Kg2) 26... Nd4 (26... Re8 $14) 27. Bxd4 (27. Nxd4 $16 exd4 28. Bxd4) 27... exd4 $14 28. Nxd4 Bxd4 29. R2xd4 Rxb2 30. Rxa5 Qa2 31. Rad5 $1 c5 32. Rd2 ({Don't go for} 32. Rxc5 $2 {[#]} Rxf2 $3 {[%mdl 512]} 33. Qxf2 Rb1+ 34. Qf1 Rxf1+ 35. Kxf1 Qa1+ {[%mdl 64] Double Attack} 36. Rc1 Qxc1+ $19) (32. Rd1 $14) 32... Rxd2 $11 {The position is equal.} 33. Rxd2 Qxa4 34. Qxc5 Qxe4 {Accuracy: White = 88%, Black = 76%.} 1/2-1/2

[Event "WSTCC-50 2020"]
[Site "Prague"]
[Date "2020.03.09"]
[Round "4.3"]
[White "Flear, Glenn C"]
[Black "Novikov, Igor"]
[Result "1/2-1/2"]
[WhiteElo "2420"]
[BlackElo "2551"]
[Annotator "TA"]
[PlyCount "50"]
[EventDate "2020.03.06"]
[EventType "team-tourn"]
[EventCountry "CZE"]
[SourceTitle "playchess.com"]
[Source "ChessBase"]
[SourceQuality "1"]

{[%evp 27,50,16,24,0,0,0,0,0,41,31,38,-14,-16,-15,-14,-14,-13,-13,-13,-12,-13,-26,-20,-20,-22]} 1. d4 d5 2. c4 e6 3. Nc3 c6 4. e3 Nf6 5. Nf3 Nbd7 6. Bd3 dxc4 7. Bxc4 b5 8. Bd3 Bb7 9. O-O b4 10. Ne4 Be7 11. Nxf6+ Nxf6 12. e4 O-O 13. e5 Nd7 14. Be4 Rb8 15. a3 {D47: Semi-Slav: Meran System.} bxa3 16. b4 h6 17. Bb1 Re8 18. Qd3 {[#] Intending Qh7+ and mate.} ({But not} 18. Rxa3 Bxb4 19. Qc2 (19. Rxa7 Qb6 $15) 19... Nf8 $15) 18... Nf8 {[#]} 19. Qxa3 $146 ({Don't play} 19. Rxa3 Bxb4 20. Rxa7 c5 $15) ({White should try} 19. Bxa3 $14 Qb6 20. Qe3) ({Predecessor:} 19. Bxa3 Qb6 20. Qc3 Ba8 21. Be4 Bxb4 22. Bxb4 Qxb4 23. Qxb4 Rxb4 24. Rxa7 Rc8 25. Rc1 {1-0 (40) Avrukh,B (2625)-Vera Gonzalez Quevedo,R (2584) Istanbul 2000}) 19... a5 $1 $11 20. Qxa5 Qd7 $36 {[%mdl 2048] White must now prevent ...Ra8. Black is more active.} 21. Qa3 Ra8 22. Qb2 Rxa1 23. Qxa1 Bxb4 24. Be4 c5 25. Bxb7 Qxb7 {Accuracy: White = 90%, Black = 89%.} 1/2-1/2